La actualidad de la historia en el mundo contemporáneo /

Hace unos cien años, el historiador Jacob Burckhardt, en su curso sobre el Estudio de la Historia, que se publicó bajo el título Consideraciones sobre la Historia Universal, atribuyó al siglo XIX una especial aptitud y vocación para el estudio de la historia.

Bibliographic Details
Main Author: Krebs Wilckens, Ricardo
Format: Analitica de revista
Language:Spanish
Published: Santiago, Chile Universidad de Chile 1981
Subjects:

MARC

LEADER 00000cab a2200000 a 4500
001 029422
003 UAHC_CL
005 20180731125918.0
008 010822s1981 cl 000 spa
952 |0 0  |1 0  |4 0  |6 CUAD___HIST_01_81_000000000000000  |7 0  |8 General  |9 58010  |a BC  |b BC  |c General  |d 2017-08-03  |l 0  |o CUAD. HIST.-01/81  |p FICTICIO1843  |r 2019-01-08 00:00:00  |t 1  |w 2017-08-03  |y REVA 
999 |c 29422  |d 29422 
040 |a UAHC_CL  |c UAHC_CL  |d UAHC_CL 
100 1 |a Krebs Wilckens, Ricardo 
245 1 3 |a La actualidad de la historia en el mundo contemporáneo /  |c Ricardo Krebs W. 
260 |b Universidad de Chile  |a Santiago, Chile  |c 1981 
300 |a pp. 111-121 
500 |a En: Cuadernos de Historia, no. 01, 1981. p. 111-121. ISSN 07161832. 
520 |a Hace unos cien años, el historiador Jacob Burckhardt, en su curso sobre el Estudio de la Historia, que se publicó bajo el título Consideraciones sobre la Historia Universal, atribuyó al siglo XIX una especial aptitud y vocación para el estudio de la historia. 
600 1 4 |a BURCKHARDT, JACOB  |d 1818-1897 
650 4 |a HISTORIA CONTEMPORANEA  |y SIGLO 19 
773 0 |t Cuadernos de historia.  |w 029418 
900 |a CUAD. HIST.-01/81 
942 |c REVA  |2 ddc